Südost-Europa (Record no. 5519)
[ view plain ]
| 000 -LEADER | |
|---|---|
| fixed length control field | 00831nas a22002417i 4500 |
| 001 - CONTROL NUMBER | |
| control field | 5783 |
| 003 - CONTROL NUMBER IDENTIFIER | |
| control field | OSt |
| 005 - DATE AND TIME OF LATEST TRANSACTION | |
| control field | 20170126082349.0 |
| 007 - PHYSICAL DESCRIPTION FIXED FIELD--GENERAL INFORMATION | |
| fixed length control field | tu |
| 008 - FIXED-LENGTH DATA ELEMENTS--GENERAL INFORMATION | |
| fixed length control field | 161220s1991 xxu||||| |||| 00| 0 d |
| 020 ## - INTERNATIONAL STANDARD BOOK NUMBER | |
| International Standard Book Number | 978-3-486-58979-5 |
| 022 ## - INTERNATIONAL STANDARD SERIAL NUMBER | |
| International Standard Serial Number | 0722-480X |
| 024 7# - OTHER STANDARD IDENTIFIER | |
| Standard number or code | 5783 |
| Source of number or code | RID |
| 024 7# - OTHER STANDARD IDENTIFIER | |
| Standard number or code | 5783 |
| Source of number or code | RSN (alt) |
| 040 ## - CATALOGING SOURCE | |
| Transcribing agency | OSt |
| 110 2# - MAIN ENTRY--CORPORATE NAME | |
| Corporate name or jurisdiction name as entry element | Südost-Institut München |
| 245 00 - TITLE STATEMENT | |
| Title | Südost-Europa |
| Remainder of title | Zeitschrift für Politik und Gesellschaft |
| 260 ## - PUBLICATION, DISTRIBUTION, ETC. | |
| Place of publication, distribution, etc. | München : |
| Name of publisher, distributor, etc. | Oldenburg Wissenschaftsverlag, |
| Date of publication, distribution, etc. | 1991-. |
| 780 00 - PRECEDING ENTRY | |
| Main entry heading | Zeitschrift für Gegenwartsforschung |
| 856 ## - ELECTRONIC LOCATION AND ACCESS | |
| Uniform Resource Identifier | <a href="http://www.ios-regensburg.de/service/ios-publikationen/zeitschriften/suedosteuropa.html">http://www.ios-regensburg.de/service/ios-publikationen/zeitschriften/suedosteuropa.html</a> |
| 866 #0 - TEXTUAL HOLDINGS--BASIC BIBLIOGRAPHIC UNIT | |
| -- | 1991 40/1 - |
| 866 #0 - TEXTUAL HOLDINGS--BASIC BIBLIOGRAPHIC UNIT | |
| -- | Bestände unvollständig<br><br>vorhanden:<br>1991 40/1 - 2002 51/6<br>2002 51/10 - 200352/9<br><br>fehlende Bestände:<br>2002 51/7-9 |
| 942 ## - ADDED ENTRY ELEMENTS (KOHA) | |
| Koha item type | Journal |
| Withdrawn status | Lost status | Damaged status | Not for loan | Home library | Current library | Shelving location | Date acquired | Serial Enumeration / chronology | Inventory number | Total Checkouts | Barcode | Date last seen | Price effective from | Koha item type |
|---|---|---|---|---|---|---|---|---|---|---|---|---|---|---|
| WIIW | WIIW | Library | 11/03/2015 | 63.2015,1 | 5783 | 10006110 | 01/26/2017 | 01/26/2017 | Journal | |||||
| WIIW | WIIW | Library | 11/03/2015 | 63.2015,2 | 5783 | 10006268 | 01/26/2017 | 01/26/2017 | Journal | |||||
| WIIW | WIIW | Library | 12/10/2015 | 63.2015,3 | 5783 | 10006283 | 01/26/2017 | 01/26/2017 | Journal | |||||
| WIIW | WIIW | Library | 04/01/2016 | 63.2015,4 | 5783 | 10006314 | 01/26/2017 | 01/26/2017 | Journal |
